000
00356nam a22001217a 4500
040
_c
HS
082
_a
631
100
_a
កង អូន
245
_a
ធរណីវិទ្យា
260
_a
វិទ្យាស្ថានបច្ចេកទេសកសិកម្មចំការដូង
_b
កង អូន
_c
1993
300
_a
NA
942
_c
KB
999
_c
9492
_d
9492